Central Library OPAC University of Rajshahi

Basic concepts in signal engineering / (Record no. 13445)

MARC details
000 -LEADER
fixed length control field 00611nam a22002053 4500
001 - CONTROL NUMBER
control field 13445
003 - CONTROL NUMBER IDENTIFIER
rucl marc code BD-RjUL
005 - DATE AND TIME OF LATEST TRANSACTION
control field 20211208235445.0
008 - FIXED-LENGTH DATA ELEMENTS--GENERAL INFORMATION
fixed length control field 140201s1964 enk 001 0 eng d
035 ## - SYSTEM CONTROL NUMBER
System control number OCLC pks04065855 from D970225K
-- (BD-RjUL)13496
040 ## - CATALOGING SOURCE
Original cataloging agency EQO
Transcribing agency EQO
Language of cataloging eng
Modifying agency BD-RjUL
041 ## - LANGUAGE CODE
Language code of text/sound track or separate title eng
082 ## - DEWEY DECIMAL CLASSIFICATION NUMBER
Classification number 625.1
Author mark and year SRB 1964
100 1# - MAIN ENTRY--PERSONAL NAME
Personal name Srinivasan, S. A.
9 (RLIN) 41941
245 10 - TITLE STATEMENT
Title Basic concepts in signal engineering /
Statement of responsibility, etc. Srinivasan, S. A.
260 ## - PUBLICATION, DISTRIBUTION, ETC. (IMPRINT)
Place of publication, distribution, etc. London :
Date of publication, distribution, etc. c1964.
Name of publisher, distributor, etc. Asia publishing,
300 ## - PHYSICAL DESCRIPTION
Pagination ix, 135 p. :
Illustrations ill. ;
Size 26 cm.
650 ## - SUBJECT ADDED ENTRY--TOPICAL TERM
Topical term or geographic name as entry element Railroads
Geographic subdivision Signaling.
9 (RLIN) 41942
942 ## - ADDED ENTRY ELEMENTS (KOHA)
Source of classification or shelving scheme Dewey Decimal Classification
Koha item type Books
Holdings
Lost status Source of classification or shelving scheme Damaged status Not for loan Collection code Permanent Location Current Location Shelving location Date acquired Source of acquisition Cost, normal purchase price Total Checkouts Full call number Date last seen Copy number Koha item type
  Dewey Decimal Classification   Not For Loan Non-fiction Central Library, University of Rajshahi Central Library, University of Rajshahi Reading Room 15/05/1978 Asia pub. ha. bombay 18.00   625.1 SRB 1964 01/02/2014 C-1 Books